Organizacionnyje struktury proizvodstvenno-chozjajstvennych organizacij v stranach-členach SEV

Na minha lista:
Detalhes bibliográficos
Formato: Livro
Idioma:russo
Publicado em: Moskva Meždunarodnyj naučno-issledovatel'skij institut problem upravlenija 1984
Tags: Adicionar Tag
Sem tags, seja o primeiro a adicionar uma tag!

MARC

LEADER 00000nam a2200000 4500
001 c106814
005 20041019155138.4
041 0 |a rus 
044 |a RU 
245 1 0 |a Organizacionnyje struktury proizvodstvenno-chozjajstvennych organizacij v stranach-členach SEV 
264 1 |a Moskva  |b Meždunarodnyj naučno-issledovatel'skij institut problem upravlenija  |c 1984 
300 |a 131 s.